Podium du Ballon d’or depuis 1956 - Statistiques

Statistiques générales
  • Ce quiz a été pris 192 fois
  • Le résultat moyen est 118 sur 209
Statistiques - réponses
Année Classement Joueur % Correct
Lionel Messi
99%
Cristiano Ronaldo
98%
Ronaldo
98%
2025 Ousmane Dembele
94%
Lamine Yamal
91%
Antoine Griezmann
90%
Vinicius Jr
90%
2018 Luka Modrić
89%
2024 Rodri
89%
2022 Karim Benzema
87%
Kylian Mbappe
87%
Neymar
86%
Ronaldinho
86%
Erling Haaland
85%
Michel Platini
85%
2007 Kaká
84%
Vitinha
84%
Zinedine Zidane
84%
Franck Ribery
83%
Andrés Iniesta
82%
Robert Lewandowski
80%
Xavi
80%
2006 Fabio Cannavaro
79%
Manuel Neuer
77%
Thierry Henry
77%
Luigi Riva
76%
3 Raymond Kopa
76%
1991 Jean-Pierre Papin
75%
1999 Rivaldo
74%
Sadio Mané
74%
Virgil Van Dijk
74%
Gianluigi Buffon
71%
2003 Pavel Nedvěd
71%
1988 | 1989 | 1992 Marco Van Basten
70%
1971 | 1973 | 1974 Johan Cruyff
69%
2000 Luis Figo
69%
2001 Michael Owen
68%
Oliver Kahn
67%
Franz Beckenbauer
66%
Jude Bellingham
66%
1995 George Weah
64%
Gerd Müller
64%
Paolo Maldini
64%
2 Alfredo Di Stefano
63%
Jorginho
62%
Kevin De Bruyne
61%
1960 Luis Suarez
61%
1987 Ruud Gullit
60%
1993 Roberto Baggio
59%
Steven Gerrard
57%
Frank Lampard
56%
1963 Lev Yachine
55%
Andrei Chevtchenko
53%
Roberto Carlos
53%
David Beckham
52%
Just Fontaine
52%
1996 Matthias Sammer
52%
Eusébio
49%
1965 Eusebio
49%
2e Lothar Mattäus
49%
1990 Lothar Matthäus
49%
1966 Bobby Charlton
48%
1968 George Best
47%
Éric Cantona
46%
Fernando Torres
46%
Karl-Heinz Rummenigge
46%
Deco
44%
1982 Paolo Rossi
43%
Raúl
41%
1956 1 Stanley Matthews
41%
Ferenc Puskas
40%
Alain Giresse
37%
Dennis Bergkamp
37%
Frank Rijkaard
36%
Davor Šuker
33%
Jean Tigana
32%
Bobby Moore
30%
Franco Baresi
29%
Kevin Keegan
29%
Hristo Stoitchkov
26%
Jürgen Klinsmann
26%
Alan Shearer
25%
1977 Allan Simonsen
25%
Gary Lineker
25%
Jari Litmanen
25%
1975 Oleg Blokhine
25%
1964 Denis Law
24%
1967 Flórián Albert
24%
1986 Igor Belanov
24%
Gianni Rivera
22%
Dino Zoff
21%
Kenny Dalglish
20%
Emilio Butragueño
17%
Predrag Mijatović
17%
1962 Josef Masopust
16%
1961 Omar Sivori
15%
Paul Breitner
15%
Andreas Brehme
14%
Zbigniew Boniek
13%
Bernd Schuster
11%
2e Dejan Savićević
11%
Uwe seeler
11%
Preben Elkjær Larsen
10%
Billy Wright
9%
2e Darko Pančev
9%
Rob Rensenbrink
9%
Günter Netzer
8%
Hans Krankl
8%
Jimmy Johnstone
8%
Paulo Futre
8%
Ruud Krol
8%
Salvatore Schillaci
8%
Giacinto Facchetti
7%
Helmut Rahn
7%
John Charles
7%
Kazimierz Deyna
7%
Sandro Mazzola
7%
Dragan Džajić
6%
Ivo Viktor
6%
Johnny Haynes
6%
Karl-Heinz Schnellinger
6%
Jimmy Greaves
5%
Amancio Amaro
3%
Duncan Edwards
3%
Bernd Schester
0%
Aucun quiz correspondant
Distribution des résultats
% des personnes avec chaque résultat
Percentile par nombre de réponses
Votre historique - résultats
Vous n’avez pas pris ce quiz